Identifikace potřeb rodinných příslušníků v domácí paliativní péči

Sociálna práca a paliatívna starostlivosť. Informovanosť, emocionálna podpora a dobrý vzťah s rodinnými príslušníkmi zo strany profesionálov pracujúcich v paliatívnej starostlivosti.

Na minha lista:
Detalhes bibliográficos
Autor principal: Bužgová, Radka
Formato: Capítulo de Livro
Idioma:tcheco
Assuntos:
Tags: Adicionar Tag
Sem tags, seja o primeiro a adicionar uma tag!

MARC

LEADER 00000naa a2200000 4500
001 0200938
005 20220729105327.6
041 0 |a cze 
044 |a CZ 
245 1 0 |a Identifikace potřeb rodinných příslušníků v domácí paliativní péči  |c Radka Bužgová 
520 |a Sociálna práca a paliatívna starostlivosť. Informovanosť, emocionálna podpora a dobrý vzťah s rodinnými príslušníkmi zo strany profesionálov pracujúcich v paliatívnej starostlivosti. 
610 2 0 |a služby starostlivosti sociálnej 
610 2 0 |a starostlivosť zdravotná 
610 2 0 |a rodina 
610 2 0 |a náročnosť profesionálna 
610 2 0 |a práca sociálna 
610 2 0 |a zdravotníctvo 
100 1 |a Bužgová, Radka